Canadian journal of mathematics Journal canadien de mathematiques
Αποθηκεύτηκε σε:
| Συλλογικό Έργο: | , , |
|---|---|
| Μορφή: | Πρακτικό Συνεδρίου |
| Γλώσσα: | English |
| Δημοσίευση: |
Toronto, Canada :
Canadian Mathematical Society,
1949-
|
| Θέματα: | |
| Ετικέτες: |
Προσθήκη ετικέτας
Δεν υπάρχουν, Καταχωρήστε ετικέτα πρώτοι!
|
MARC
| LEADER | 00000cas a2200000 i 4500 | ||
|---|---|---|---|
| 001 | 1/103855 | ||
| 008 | 000302c19499999 eng | ||
| 022 | |a 0008-414X | ||
| 035 | |l 10058628 | ||
| 040 | |a GR-MY-UA |b gre |e aacr | ||
| 041 | 0 | |a eng | |
| 082 | 0 | |a 510.5 | |
| 245 | 1 | 0 | |a Canadian journal of mathematics |h [περιοδικό] = |b Journal canadien de mathematiques |
| 246 | 2 | 1 | |a Journal Canadien de Mathematiques |
| 260 | |a Toronto, Canada : |b Canadian Mathematical Society, |c 1949- | ||
| 300 | |a v.; |b ill.; |c 25 cm. | ||
| 310 | |a Bimonthly, 1965- ; Quarterly, 1949-1964 | ||
| 650 | 0 | |a Mathematics |x Periodicals. | |
| 710 | 2 | |a Canadian Mathematical Society. | |
| 710 | 2 | |a Canadian Mathematical Congress (Society) | |
| 711 | 2 | |a Canadian Mathematical Congress. | |
| 853 | |a INST |b SAMOS |c SER | ||
| 922 | |a 3ΕΛΗ |b 194901 |c ΤΜΗΜΑ ΜΑΘΗΜΑΤΙΚΩΝ |d ΚΑΟΥΦΜΑΝ | ||